| 000 | 00347nam a2200145Ia 4500 | ||
|---|---|---|---|
| 005 | 20251222152555.0 | ||
| 008 | 251222s9999||||xx |||||||||||||| ||spa|| | ||
| 020 | _a9583012122 | ||
| 082 | _a808.8/F62/Ej.2 | ||
| 100 | _aFlores Góngora | ||
| 245 | 0 | _aAnálisis de Don Juan Tenorio | |
| 250 | _a1ra.ed. | ||
| 264 | _bPanamericana | ||
| 942 | _cLIB | ||
| 999 |
_c26382 _d26382 |
||